Housing (Scotland) Bill (Record no. 110376)
[ view plain ]
| 000 -LEADER | |
|---|---|
| fixed length control field | 01389cad a22002535a 4500 |
| 001 - CONTROL NUMBER | |
| control field | E149126 |
| 008 - FIXED-LENGTH DATA ELEMENTS--GENERAL INFORMATION | |
| fixed length control field | 100114s2010 xxk f s000 0 eng d |
| 020 ## - INTERNATIONAL STANDARD BOOK NUMBER | |
| International Standard Book Number | 9781406159677 |
| 035 ## - SYSTEM CONTROL NUMBER | |
| System control number | (Sirsi) u149126 |
| 041 0# - LANGUAGE CODE | |
| Language code of text/sound track or separate title | eng |
| 050 04 - LIBRARY OF CONGRESS CALL NUMBER | |
| Classification number | 306.1 $2 18 |
| 110 2# - MAIN ENTRY--CORPORATE NAME | |
| Corporate name or jurisdiction name as entry element | Scotland |
| Subordinate unit | Scottish Government |
| 9 (RLIN) | 5344 |
| 245 00 - TITLE STATEMENT | |
| Title | Housing (Scotland) Bill |
| Remainder of title | (as introduced) |
| Medium | [electronic resource] |
| 260 ## - PUBLICATION, DISTRIBUTION, ETC. | |
| Place of publication, distribution, etc. | [Edinburgh] |
| Name of publisher, distributor, etc. | Scottish Parliamentary Corporate Body |
| Date of publication, distribution, etc. | 2010 |
| 490 #0 - SERIES STATEMENT | |
| Series statement | SP Bill |
| Volume/sequential designation | (36) |
| 520 ## - SUMMARY, ETC. | |
| Summary, etc. | A Bill introduced on 13 January 2010, which seeks to ensure the supply of social housing by reforming the Right to Buy system and modernising social housing regulation. Parts 1-10 of the Bill replace and update the regulatory framework set up by the Housing (Scotland) Act 2001 and Part 3 of the Housing (Scotland) Act 1988. The Bill also addresses issues relating to landlord registration and the licensing of houses in multiple occupation (HMOs), and improves local authority powers to deal with disrepair in privately owned houses. |
| 521 ## - TARGET AUDIENCE NOTE | |
| Target audience note | Advanced |
| 590 ## - LOCAL NOTE (RLIN) | |
| Local note | KA |
| 650 24 - SUBJECT ADDED ENTRY--TOPICAL TERM | |
| Topical term or geographic name entry element | HOUSING (SCOTLAND) BILL |
| 651 #4 - SUBJECT ADDED ENTRY--GEOGRAPHIC NAME | |
| Geographic name | Scotland |
| Chronological subdivision | 1999- |
| 690 ## - LOCAL SUBJECT ADDED ENTRY--TOPICAL TERM (OCLC, RLIN) | |
| Topical term or geographic name as entry element | PROPERTY-RESIDENTIAL PROPERTY-DOMESTIC RESIDENTIAL PROPERTY-HOUSING |
| 856 40 - ELECTRONIC LOCATION AND ACCESS | |
| Uniform Resource Identifier | <a href="https://www.scottish.parliament.uk/s3/bills/36-Housing/index.htm">https://www.scottish.parliament.uk/s3/bills/36-Housing/index.htm</a> |
| Public note | View the Bill free of charge at www.scottish.parliament.uk... |
| 942 ## - ADDED ENTRY ELEMENTS (KOHA) | |
| Suppress in OPAC | 0 |
| Withdrawn status | Lost status | Source of classification or shelving scheme | Damaged status | Not for loan | Home library | Current library | Shelving location | Date acquired | Total Checkouts | Full call number | Barcode | Date last seen | Copy number | Price effective from | Koha item type |
|---|---|---|---|---|---|---|---|---|---|---|---|---|---|---|---|
| Dewey Decimal Classification | Virtual | Virtual | Online | 14/01/2010 | ONLINE PUBLICATION | 149126-2001 | 06/08/2019 | 1 | 06/08/2019 | Book |